skbl

Dr Suryya Kumar Bhuyan Library Web-OPAC
ডঃ সূৰ্য্য
কুমাৰ ভূঞা পুথিভঁৰাল ৱেব-অ'পেক

All Research Scholars are advised to clear the annual library fees to continue using Library Resources, Remote Access, Plagiarism Test and Library Clearance.

Cotton University Book Fair 2026

Labour Problems in India / (Record no. 6868)

MARC details
000 -LEADER
fixed length control field 00455nam a2200169Ia 4500
001 - CONTROL NUMBER
control field 6881
008 - FIXED-LENGTH DATA ELEMENTS--GENERAL INFORMATION
fixed length control field 171109s1981 ii a g b000 u 465 u
082 ## - DEWEY DECIMAL CLASSIFICATION NUMBER
Classification number 331.954
100 ## - MAIN ENTRY--PERSONAL NAME
Personal name Mehrotra, S.N. .
245 #0 - TITLE STATEMENT
Title Labour Problems in India /
Statement of responsibility, etc. S.N. Mehrotra.
Medium Textual Documents
250 ## - EDITION STATEMENT
Edition statement 3rd ed. /
260 ## - PUBLICATION, DISTRIBUTION, ETC.
Place of publication, distribution, etc. New Delhi :
Name of publisher, distributor, etc. S Chand & Co ,
Date of publication, distribution, etc. 1981.
300 ## - PHYSICAL DESCRIPTION
Extent xv, 928p. :
Other physical details ill. ;
Dimensions 22cm .
504 ## - BIBLIOGRAPHY, ETC. NOTE
Bibliography, etc. note Index
653 ## - INDEX TERM--UNCONTROLLED
Uncontrolled term T/G-Economics
942 ## - ADDED ENTRY ELEMENTS (KOHA)
Source of classification or shelving scheme Dewey Decimal Classification
Koha item type Books
Holdings
Withdrawn status Lost status Damaged status Not for loan Collection Home library Current library Shelving location Date acquired Coded location qualifier Total checkouts Full call number Barcode Date last seen Copy number Price effective from Koha item type
          Dr. Suryya Kumar Bhuyan Library Dr. Suryya Kumar Bhuyan Library   01/02/2012 00000   331.954 Me 474 La 83483 13/01/2024 2 01/02/2012 Books
          Dr. Suryya Kumar Bhuyan Library Dr. Suryya Kumar Bhuyan Library   01/02/2012 00000   331.954 Me 474 La 83482 13/01/2024 1 01/02/2012 Books

Designed and Maintained by Team SKBL
©1901-2026

Powered by Koha